00235nam a22000977a 4500020001800000040000900018082001300027100001700040245004000057260004000097 a9781405935036 cNUST a823bDAH aDahl, Roald  aFear bTales Of Terror And Suspense aUSA:bPenguin Random House, c1983.